[Event "Blitz 2018"]
[Site "Saint-Petersburg"]
[Date "2018.12.30"]
[Round "19"]
[Board "98"]
[White "Al Turky Fahad A (KSA)"]
[Black "Sokolin Leonid (USA)"]
[Result "1/2-1/2"]
[BlackElo "2508"]
[WhiteElo "1851"]
[LiveChessVersion "1.4.8"]

1. e4 {[%clk 0:03:01]} c5 {[%clk 0:03:03]} 2. Nf3 {[%clk 0:03:01]} Nc6
{[%clk 0:03:05]} 3. Bb5 {[%clk 0:03:01]} g6 {[%clk 0:03:04]} 4. Bxc6
{[%clk 0:02:57]} bxc6 {[%clk 0:03:05]} 5. O-O {[%clk 0:02:56]} Bg7
{[%clk 0:03:07]} 6. d3 {[%clk 0:02:55]} d6 {[%clk 0:03:04]} 7. Nc3
{[%clk 0:02:56]} e5 {[%clk 0:03:02]} 8. Bg5 {[%clk 0:02:48]} f6 {[%clk 0:03:02]}
9. Be3 {[%clk 0:02:46]} Ne7 {[%clk 0:03:03]} 10. Nd2 {[%clk 0:02:40]} g5
{[%clk 0:03:03]} 11. Qh5+ {[%clk 0:02:34]} Ng6 {[%clk 0:03:04]} 12. h4
{[%clk 0:02:05]} gxh4 {[%clk 0:02:37]} 13. f4 {[%clk 0:02:04]} exf4
{[%clk 0:02:35]} 14. Bxf4 {[%clk 0:02:01]} O-O {[%clk 0:02:32]} 15. Bh6
{[%clk 0:01:59]} Qe7 {[%clk 0:02:30]} 16. Nf3 {[%clk 0:01:43]} h3
{[%clk 0:02:24]} 17. gxh3 {[%clk 0:01:20]} Kh8 {[%clk 0:02:20]} 18. Kh2
{[%clk 0:01:17]} Rg8 {[%clk 0:02:18]} 19. Rg1 {[%clk 0:01:16]} Bxh6
{[%clk 0:01:55]} 20. Qxh6 {[%clk 0:01:16]} Be6 {[%clk 0:01:54]} 21. Rg2
{[%clk 0:01:06]} Ne5 {[%clk 0:01:52]} 22. Nxe5 {[%clk 0:00:52]} Rxg2+
{[%clk 0:01:52]} 23. Kxg2 {[%clk 0:00:53]} fxe5 {[%clk 0:01:52]} 24. Ne2
{[%clk 0:00:40]} Rg8+ {[%clk 0:01:53]} 25. Ng3 {[%clk 0:00:34]} Rg6
{[%clk 0:01:54]} 26. Qe3 {[%clk 0:00:26]} Qh4 {[%clk 0:01:47]} 27. Rh1
{[%clk 0:00:21]} Rf6 {[%clk 0:01:48]} 28. Nf5 {[%clk 0:00:11]} Bxf5
{[%clk 0:01:47]} 29. exf5 {[%clk 0:00:12]} Rxf5 {[%clk 0:01:48]} 30. Rf1
{[%clk 0:00:10]} Rxf1 31. Kxf1 Kg7 {[%clk 0:01:38]} 32. Kg2 {[%clk 0:00:12]} Kg6
{[%clk 0:01:33]} 33. Qf3 {[%clk 0:00:13]} d5 {[%clk 0:01:30]} 34. Qf8 Qg5+ 35.
Kh2 {[%clk 0:00:13]} Qf4+ {[%clk 0:01:32]} 36. Qxf4 {[%clk 0:00:14]} exf4
{[%clk 0:01:34]} 37. Kg2 {[%clk 0:00:15]} Kg5 {[%clk 0:01:34]} 38. Kf3
{[%clk 0:00:16]} Kf5 {[%clk 0:01:35]} 39. c3 {[%clk 0:00:12]} Kg5
{[%clk 0:01:35]} 40. a3 {[%clk 0:00:08]} Kf5 {[%clk 0:01:31]} 41. h4
{[%clk 0:00:07]} c4 {[%clk 0:01:21]} 42. d4 {[%clk 0:00:06]} h5 {[%clk 0:01:13]}
43. a4 {[%clk 0:00:03]} a5 {[%clk 0:01:15]} 44. Kf2 {[%clk 0:00:04]} Ke4
{[%clk 0:01:16]} 45. Kg2 {[%clk 0:00:05]} f3+ {[%clk 0:01:16]} 46. Kf2
{[%clk 0:00:05]} Kf4 {[%clk 0:01:17]} 47. Kg1 {[%clk 0:00:06]} Kg3
{[%clk 0:01:18]} 48. Kf1 {[%clk 0:00:07]} f2 {[%clk 0:01:18]} 49. Ke2 Kg2 1/2-1/2

[Event "Blitz 2018"]
[Site "Saint-Petersburg"]
[Date "2018.12.30"]
[Round "20"]
[Board "4"]
[White "Aronian Levon (ARM)"]
[Black "Vitiugov Nikita (RUS)"]
[Result "1/2-1/2"]
[BlackElo "2696"]
[WhiteElo "2858"]
[LiveChessVersion "1.4.8"]

1. e4 {[%clk 0:03:03]} e6 {[%clk 0:03:03]} 2. d4 {[%clk 0:03:04]} d5
{[%clk 0:03:04]} 3. Nc3 {[%clk 0:03:05]} Bb4 {[%clk 0:03:05]} 4. e5
{[%clk 0:03:06]} c5 {[%clk 0:03:07]} 5. a3 {[%clk 0:03:08]} Ba5 {[%clk 0:03:08]}
6. dxc5 {[%clk 0:03:06]} Bxc3+ {[%clk 0:03:08]} 7. bxc3 {[%clk 0:03:06]} Qc7
{[%clk 0:03:09]} 8. Be3 {[%clk 0:02:50]} Qxe5 {[%clk 0:02:57]} 9. Qd4
{[%clk 0:02:51]} Nc6 {[%clk 0:02:37]} 10. Bb5 {[%clk 0:02:48]} Qxd4
{[%clk 0:02:31]} 11. Bxc6+ {[%clk 0:02:42]} bxc6 {[%clk 0:02:31]} 12. cxd4
{[%clk 0:02:43]} Ne7 {[%clk 0:02:22]} 13. Nf3 {[%clk 0:02:39]} Ng6
{[%clk 0:02:19]} 14. h4 {[%clk 0:02:22]} h5 {[%clk 0:02:20]} 15. Ne5
{[%clk 0:02:07]} Nxe5 {[%clk 0:02:19]} 16. dxe5 {[%clk 0:02:08]} Rb8
{[%clk 0:02:12]} 17. Kd2 {[%clk 0:02:06]} f6 {[%clk 0:01:41]} 18. Bd4
{[%clk 0:02:07]} O-O {[%clk 0:01:35]} 19. f3 {[%clk 0:01:49]} Ba6
{[%clk 0:01:31]} 20. Rhe1 {[%clk 0:01:37]} Kf7 {[%clk 0:01:31]} 21. Re3
{[%clk 0:01:37]} f5 {[%clk 0:01:19]} 22. Rb3 {[%clk 0:01:34]} Bc4
{[%clk 0:01:20]} 23. Rb4 {[%clk 0:01:35]} Rxb4 {[%clk 0:01:14]} 24. axb4
{[%clk 0:01:36]} a6 {[%clk 0:01:15]} 25. Be3 {[%clk 0:01:32]} Kg6
{[%clk 0:01:11]} 26. Bg5 {[%clk 0:01:08]} Kf7 {[%clk 0:01:08]} 27. Kc3
{[%clk 0:01:01]} Kg6 {[%clk 0:01:08]} 28. Bf4 {[%clk 0:01:00]} Bb5
{[%clk 0:01:09]} 29. Kd4 {[%clk 0:01:01]} Rf7 {[%clk 0:01:09]} 1/2-1/2

[Event "Blitz 2018"]
[Site "Saint-Petersburg"]
[Date "2018.12.30"]
[Round "20"]
[Board "5"]
[White "Giri Anish (NED)"]
[Black "Karjakin Sergey (RUS)"]
[Result "1/2-1/2"]
[LiveChessVersion "1.4.8"]
[BlackElo "2759"]
[WhiteElo "2751"]

1. e4 {[%clk 0:03:04]} e5 2. Nf3 Nc6 {[%clk 0:03:04]} 3. Bc4 {[%clk 0:03:06]} Bc5
{[%clk 0:03:05]} 4. O-O {[%clk 0:03:07]} Nf6 {[%clk 0:03:06]} 5. d3
{[%clk 0:03:08]} d6 {[%clk 0:03:07]} 6. c3 {[%clk 0:03:09]} a6 {[%clk 0:03:05]}
7. a4 {[%clk 0:03:10]} h6 {[%clk 0:03:04]} 8. Re1 {[%clk 0:03:00]} O-O
{[%clk 0:03:02]} 9. Nbd2 {[%clk 0:02:58]} a5 {[%clk 0:03:01]} 10. Nf1
{[%clk 0:02:56]} Be6 11. Bb5 Na7 {[%clk 0:02:38]} 12. d4 {[%clk 0:02:58]} Nxb5
{[%clk 0:02:25]} 13. axb5 {[%clk 0:02:59]} Bb6 {[%clk 0:02:02]} 14. dxe5
{[%clk 0:02:48]} Ng4 {[%clk 0:01:35]} 15. Be3 {[%clk 0:02:49]} Nxe3
{[%clk 0:01:09]} 16. Nxe3 {[%clk 0:02:49]} dxe5 {[%clk 0:01:10]} 17. Nxe5
{[%clk 0:02:23]} Qg5 {[%clk 0:01:07]} 18. N5c4 {[%clk 0:01:31]} Bxe3
{[%clk 0:01:05]} 19. Nxe3 {[%clk 0:01:31]} Qxb5 {[%clk 0:01:06]} 20. Qe2
{[%clk 0:01:16]} Qxe2 {[%clk 0:01:06]} 21. Rxe2 {[%clk 0:01:17]} Rfd8
{[%clk 0:01:06]} 22. f4 {[%clk 0:01:17]} b5 {[%clk 0:01:02]} 23. f5
{[%clk 0:01:18]} Bb3 {[%clk 0:01:02]} 24. Kf2 {[%clk 0:01:16]} a4
{[%clk 0:01:01]} 25. Ke1 {[%clk 0:01:05]} c5 {[%clk 0:00:55]} 26. Nc2
{[%clk 0:00:49]} Rd3 {[%clk 0:00:47]} 27. Rc1 {[%clk 0:00:30]} f6
{[%clk 0:00:44]} 28. e5 {[%clk 0:00:31]} Rd5 {[%clk 0:00:26]} 29. exf6
{[%clk 0:00:30]} Rxf5 {[%clk 0:00:25]} 30. fxg7 {[%clk 0:00:25]} Rd8
{[%clk 0:00:21]} 31. Ne3 {[%clk 0:00:26]} Rf7 {[%clk 0:00:18]} 32. g4
{[%clk 0:00:24]} Kxg7 {[%clk 0:00:15]} 33. Nf5+ {[%clk 0:00:24]} Kg6
{[%clk 0:00:16]} 34. Re5 {[%clk 0:00:25]} Rfd7 {[%clk 0:00:15]} 35. Rxc5
{[%clk 0:00:24]} Rd1+ {[%clk 0:00:14]} 36. Rxd1 {[%clk 0:00:25]} Rxd1+
{[%clk 0:00:15]} 37. Kf2 {[%clk 0:00:13]} Rd2+ {[%clk 0:00:15]} 38. Ke3
{[%clk 0:00:11]} Rxb2 {[%clk 0:00:10]} 39. Rxb5 {[%clk 0:00:11]} a3
{[%clk 0:00:09]} 40. Rb6+ {[%clk 0:00:10]} Kg5 {[%clk 0:00:06]} 41. Nd4
{[%clk 0:00:08]} a2 {[%clk 0:00:05]} 42. Nxb3 {[%clk 0:00:08]} a1=Q
{[%clk 0:00:05]} 43. h4+ {[%clk 0:00:07]} Kxh4 {[%clk 0:00:05]} 44. Rxh6+
{[%clk 0:00:08]} Kg5 {[%clk 0:00:06]} 45. Nxa1 {[%clk 0:00:08]} Kxh6
{[%clk 0:00:07]} 46. Kd3 {[%clk 0:00:10]} 1/2-1/2

[Event "Blitz 2018"]
[Site "Saint-Petersburg"]
[Date "2018.12.30"]
[Round "20"]
[Board "6"]
[White "Gelfand Boris (ISR)"]
[Black "Matlakov Maxim (RUS)"]
[Result "1/2-1/2"]
[LiveChessVersion "1.4.8"]
[BlackElo "2653"]
[WhiteElo "2722"]

1. d4 {[%clk 0:03:03]} Nf6 {[%clk 0:03:03]} 2. c4 {[%clk 0:03:04]} e6
{[%clk 0:03:04]} 3. g3 {[%clk 0:03:06]} Bb4+ {[%clk 0:03:04]} 4. Nd2
{[%clk 0:03:07]} c5 {[%clk 0:03:05]} 5. dxc5 {[%clk 0:03:08]} O-O
{[%clk 0:03:03]} 6. Bg2 {[%clk 0:03:08]} Bxc5 {[%clk 0:03:04]} 7. Ngf3
{[%clk 0:03:10]} b6 {[%clk 0:03:05]} 8. Ne5 {[%clk 0:02:56]} d5 {[%clk 0:03:06]}
9. cxd5 {[%clk 0:02:54]} Nxd5 {[%clk 0:03:05]} 10. O-O {[%clk 0:02:50]} Bb7
{[%clk 0:03:06]} 11. Nb3 {[%clk 0:02:39]} Be7 {[%clk 0:03:03]} 12. Nd4
{[%clk 0:02:17]} Qc7 {[%clk 0:02:44]} 13. Nd3 {[%clk 0:02:13]} Nc6
{[%clk 0:02:38]} 14. Nxc6 {[%clk 0:02:03]} Bxc6 {[%clk 0:02:32]} 15. Bd2
{[%clk 0:01:59]} Rac8 {[%clk 0:02:27]} 16. Rc1 {[%clk 0:01:58]} Qb8
{[%clk 0:02:21]} 17. Qb3 {[%clk 0:01:54]} Bb7 {[%clk 0:02:17]} 18. e4
{[%clk 0:01:35]} Nf6 {[%clk 0:02:16]} 19. Bf4 {[%clk 0:01:37]} Qa8
{[%clk 0:02:16]} 20. f3 {[%clk 0:01:38]} Nd7 {[%clk 0:02:09]} 21. Be3
{[%clk 0:01:37]} h6 {[%clk 0:02:04]} 22. Rfd1 {[%clk 0:01:30]} 1/2-1/2

[Event "Blitz 2018"]
[Site "Saint-Petersburg"]
[Date "2018.12.30"]
[Round "20"]
[Board "8"]
[White "Dreev Aleksey (RUS)"]
[Black "Andreikin Dmitry (RUS)"]
[Result "1/2-1/2"]
[LiveChessVersion "1.4.8"]
[BlackElo "2777"]
[WhiteElo "2675"]

1. d4 {[%clk 0:03:03]} g6 {[%clk 0:03:03]} 2. Nf3 {[%clk 0:03:03]} d6
{[%clk 0:03:05]} 3. g3 {[%clk 0:03:03]} Bg7 {[%clk 0:03:06]} 4. Bg2
{[%clk 0:03:05]} Nf6 {[%clk 0:03:06]} 5. O-O {[%clk 0:03:04]} O-O
{[%clk 0:03:07]} 6. b3 {[%clk 0:03:06]} a5 {[%clk 0:02:51]} 7. c4
{[%clk 0:03:00]} a4 {[%clk 0:02:52]} 8. b4 {[%clk 0:02:56]} e5 {[%clk 0:02:50]}
9. Bb2 {[%clk 0:02:42]} e4 {[%clk 0:02:49]} 10. Ne1 {[%clk 0:02:35]} Bf5
{[%clk 0:02:31]} 11. Nc2 {[%clk 0:02:33]} Qc8 {[%clk 0:02:31]} 12. Nc3
{[%clk 0:02:23]} Bh3 {[%clk 0:02:24]} 13. a3 {[%clk 0:02:12]} Bxg2
{[%clk 0:02:23]} 14. Kxg2 {[%clk 0:02:13]} h5 {[%clk 0:02:14]} 15. f3
{[%clk 0:02:06]} Re8 {[%clk 0:02:12]} 16. Qd2 {[%clk 0:01:52]} Nbd7
{[%clk 0:02:08]} 17. Qf4 {[%clk 0:01:35]} Nb6 {[%clk 0:01:54]} 18. Ne3
{[%clk 0:01:33]} Qe6 {[%clk 0:01:37]} 19. d5 {[%clk 0:01:09]} Qe7
{[%clk 0:01:38]} 20. Rae1 {[%clk 0:01:06]} Nfd7 {[%clk 0:01:01]} 21. Ba1
{[%clk 0:01:00]} Be5 {[%clk 0:00:56]} 22. Qh6 {[%clk 0:00:53]} Bg7
{[%clk 0:00:52]} 23. Qf4 {[%clk 0:00:55]} Qe5 {[%clk 0:00:41]} 24. Nb5
{[%clk 0:00:48]} Qxf4 {[%clk 0:00:31]} 25. gxf4 {[%clk 0:00:49]} Bxa1
{[%clk 0:00:28]} 26. Rxa1 {[%clk 0:00:49]} Rac8 {[%clk 0:00:25]} 27. Rac1
{[%clk 0:00:48]} Nf6 {[%clk 0:00:25]} 28. Rfd1 {[%clk 0:00:46]} exf3+
{[%clk 0:00:24]} 29. Kxf3 {[%clk 0:00:47]} Re7 {[%clk 0:00:24]} 30. c5
{[%clk 0:00:43]} Rce8 {[%clk 0:00:23]} 31. Rd3 {[%clk 0:00:44]} Nc8
{[%clk 0:00:14]} 32. h3 {[%clk 0:00:34]} h4 {[%clk 0:00:13]} 33. Rc4
{[%clk 0:00:30]} Kg7 {[%clk 0:00:12]} 34. Rc1 {[%clk 0:00:29]} Ne4
{[%clk 0:00:10]} 35. Nd4 {[%clk 0:00:21]} Nd2+ 36. Kf2 Ne4+ {[%clk 0:00:07]} 37.
Kf3 {[%clk 0:00:24]} Nd2+ {[%clk 0:00:07]} 38. Ke4 1/2-1/2

[Event "Blitz 2018"]
[Site "Saint-Petersburg"]
[Date "2018.12.30"]
[Round "20"]
[Board "12"]
[White "Nihal Sarin (IND)"]
[Black "Zubov Alexander (UKR)"]
[Result "1-0"]
[LiveChessVersion "1.4.8"]
[BlackElo "2729"]
[WhiteElo "2506"]

1. e4 {[%clk 0:03:02]} Nc6 {[%clk 0:03:03]} 2. Nf3 {[%clk 0:03:01]} d6
{[%clk 0:03:04]} 3. d4 {[%clk 0:03:02]} Nf6 {[%clk 0:03:05]} 4. Nc3
{[%clk 0:03:01]} g6 {[%clk 0:03:06]} 5. d5 {[%clk 0:03:01]} Nb8 {[%clk 0:03:06]}
6. h3 {[%clk 0:03:02]} Bg7 {[%clk 0:03:06]} 7. Bd3 {[%clk 0:03:02]} O-O
{[%clk 0:03:06]} 8. O-O {[%clk 0:03:03]} e5 {[%clk 0:02:58]} 9. dxe6
{[%clk 0:03:01]} Bxe6 {[%clk 0:02:58]} 10. Re1 {[%clk 0:03:01]} Nc6
{[%clk 0:02:57]} 11. Bg5 {[%clk 0:02:58]} h6 {[%clk 0:02:57]} 12. Bf4
{[%clk 0:02:59]} Nd7 {[%clk 0:02:44]} 13. Qd2 {[%clk 0:02:56]} Kh7
{[%clk 0:02:40]} 14. Rad1 {[%clk 0:02:54]} Nde5 {[%clk 0:02:33]} 15. Nxe5
{[%clk 0:02:44]} dxe5 {[%clk 0:02:29]} 16. Be3 {[%clk 0:02:45]} Qh4
{[%clk 0:02:18]} 17. Nd5 {[%clk 0:01:48]} Rac8 {[%clk 0:02:19]} 18. c3
{[%clk 0:01:42]} f5 {[%clk 0:02:13]} 19. f3 {[%clk 0:01:41]} Rf7 {[%clk 0:01:57]}
20. Bf2 {[%clk 0:01:36]} Qd8 {[%clk 0:01:57]} 21. Bc4 {[%clk 0:01:30]} Rd7
{[%clk 0:01:32]} 22. Qc2 {[%clk 0:00:44]} Na5 {[%clk 0:01:28]} 23. Bd3
{[%clk 0:00:45]} f4 {[%clk 0:01:18]} 24. Qe2 {[%clk 0:00:39]} c6 {[%clk 0:01:12]}
25. Nb4 {[%clk 0:00:39]} Qc7 {[%clk 0:01:06]} 26. b3 {[%clk 0:00:35]} Rcd8
{[%clk 0:00:52]} 27. Bc2 {[%clk 0:00:35]} b6 {[%clk 0:00:49]} 28. Rxd7
{[%clk 0:00:33]} Rxd7 {[%clk 0:00:50]} 29. Rd1 {[%clk 0:00:35]} Bf8
{[%clk 0:00:47]} 30. Rxd7+ {[%clk 0:00:28]} Qxd7 {[%clk 0:00:46]} 31. Nd3
{[%clk 0:00:30]} Bd6 {[%clk 0:00:43]} 32. Qd1 {[%clk 0:00:29]} Qe7
{[%clk 0:00:43]} 33. Nb2 {[%clk 0:00:25]} Bc5 {[%clk 0:00:38]} 34. b4
{[%clk 0:00:21]} Bxf2+ {[%clk 0:00:39]} 35. Kxf2 {[%clk 0:00:22]} Nb7
{[%clk 0:00:40]} 36. Bb3 {[%clk 0:00:23]} Nd6 {[%clk 0:00:39]} 37. Bxe6
{[%clk 0:00:23]} Qxe6 {[%clk 0:00:40]} 38. Qb3 {[%clk 0:00:22]} Qd7
{[%clk 0:00:40]} 39. Ke2 {[%clk 0:00:23]} Kg7 {[%clk 0:00:40]} 40. Nd3
{[%clk 0:00:23]} Nf7 {[%clk 0:00:41]} 41. Qd1 {[%clk 0:00:22]} g5
{[%clk 0:00:40]} 42. Nf2 {[%clk 0:00:21]} Qe6 {[%clk 0:00:40]} 43. Qb3
{[%clk 0:00:22]} Qe7 {[%clk 0:00:42]} 44. a4 {[%clk 0:00:21]} h5 {[%clk 0:00:42]}
45. Nd3 {[%clk 0:00:21]} Kf6 {[%clk 0:00:40]} 46. Qc4 {[%clk 0:00:21]} Qd7
{[%clk 0:00:39]} 47. Qb3 {[%clk 0:00:20]} g4 {[%clk 0:00:39]} 48. hxg4 hxg4
{[%clk 0:00:41]} 49. Nf2 {[%clk 0:00:19]} g3 {[%clk 0:00:40]} 50. Nd3
{[%clk 0:00:19]} Qd8 {[%clk 0:00:37]} 51. Qc4 {[%clk 0:00:17]} Qd7
{[%clk 0:00:38]} 52. Qb3 {[%clk 0:00:19]} Kg7 {[%clk 0:00:38]} 53. Qa2
{[%clk 0:00:19]} Qe7 {[%clk 0:00:38]} 54. Qc4 {[%clk 0:00:20]} Qd6
{[%clk 0:00:40]} 55. Qa2 {[%clk 0:00:20]} Kf6 {[%clk 0:00:39]} 56. Qc4
{[%clk 0:00:19]} Ke7 {[%clk 0:00:38]} 57. Qa6 {[%clk 0:00:19]} Qd7
{[%clk 0:00:39]} 58. Qc4 {[%clk 0:00:20]} Kd8 {[%clk 0:00:34]} 59. a5
{[%clk 0:00:18]} Ke7 {[%clk 0:00:31]} 60. Qxf7+ {[%clk 0:00:16]} Kxf7
{[%clk 0:00:32]} 61. Nxe5+ {[%clk 0:00:18]} Ke7 {[%clk 0:00:33]} 62. Nxd7
{[%clk 0:00:18]} Kxd7 {[%clk 0:00:35]} 63. axb6 {[%clk 0:00:17]} axb6
{[%clk 0:00:36]} 64. Kd3 {[%clk 0:00:18]} Kd6 {[%clk 0:00:33]} 65. Kd4
{[%clk 0:00:19]} Ke6 {[%clk 0:00:34]} 66. c4 {[%clk 0:00:18]} Kf6
{[%clk 0:00:33]} 67. b5 {[%clk 0:00:19]} cxb5 {[%clk 0:00:30]} 68. cxb5
{[%clk 0:00:20]} Ke6 {[%clk 0:00:31]} 69. e5 {[%clk 0:00:21]} Kd5+ 70. Ke4+ 1-0

[Event "Blitz 2018"]
[Site "Saint-Petersburg"]
[Date "2018.12.30"]
[Round "20"]
[Board "13"]
[White "Amin Bassem (EGY)"]
[Black "Anand Viswanathan (IND)"]
[Result "1/2-1/2"]
[LiveChessVersion "1.4.8"]
[BlackElo "2832"]
[WhiteElo "2659"]

1. Nf3 {[%clk 0:03:02]} d5 {[%clk 0:03:03]} 2. g3 {[%clk 0:03:03]} Nf6
{[%clk 0:03:04]} 3. Bg2 {[%clk 0:03:04]} c6 {[%clk 0:03:05]} 4. O-O
{[%clk 0:03:04]} Bg4 {[%clk 0:03:06]} 5. d3 {[%clk 0:03:05]} Nbd7
{[%clk 0:03:06]} 6. Nbd2 {[%clk 0:03:04]} e5 {[%clk 0:03:07]} 7. e4
{[%clk 0:03:04]} dxe4 {[%clk 0:03:08]} 8. dxe4 {[%clk 0:03:05]} h6
{[%clk 0:03:08]} 9. h3 {[%clk 0:03:00]} Be6 {[%clk 0:03:09]} 10. b3
{[%clk 0:02:54]} Qc7 {[%clk 0:03:03]} 11. Bb2 {[%clk 0:02:52]} Rd8
{[%clk 0:03:02]} 12. Qe2 {[%clk 0:02:53]} b5 {[%clk 0:02:51]} 13. a4
{[%clk 0:02:53]} a6 {[%clk 0:02:53]} 14. axb5 {[%clk 0:02:51]} axb5
{[%clk 0:02:53]} 15. Nh4 {[%clk 0:02:36]} Bc5 {[%clk 0:02:48]} 16. Kh1
{[%clk 0:02:25]} Bd6 {[%clk 0:02:28]} 17. Nf5 {[%clk 0:02:21]} Bxf5
{[%clk 0:02:27]} 18. exf5 {[%clk 0:02:21]} O-O {[%clk 0:02:27]} 19. g4
{[%clk 0:02:14]} Bc5 {[%clk 0:02:21]} 20. Ne4 {[%clk 0:01:54]} Bd4
{[%clk 0:02:16]} 21. c3 {[%clk 0:01:25]} Bb6 {[%clk 0:02:05]} 22. c4
{[%clk 0:01:26]} bxc4 {[%clk 0:02:01]} 23. Qxc4 {[%clk 0:01:20]} Nxe4
{[%clk 0:02:01]} 24. Qxe4 {[%clk 0:01:15]} Nc5 {[%clk 0:01:43]} 25. Qxe5
{[%clk 0:01:15]} Qxe5 {[%clk 0:01:43]} 26. Bxe5 {[%clk 0:01:16]} Nxb3
{[%clk 0:01:43]} 27. Rab1 {[%clk 0:01:12]} Bd4 {[%clk 0:01:43]} 28. Rxb3
{[%clk 0:00:37]} Bxe5 {[%clk 0:01:44]} 29. Bxc6 {[%clk 0:00:39]} Rd6
{[%clk 0:01:43]} 30. Be4 {[%clk 0:00:29]} 1/2-1/2

[Event "Blitz 2018"]
[Site "Saint-Petersburg"]
[Date "2018.12.30"]
[Round "20"]
[Board "15"]
[White "Maghsoodloo Parham (IRI)"]
[Black "Yu Yangyi (CHN)"]
[Result "1-0"]
[LiveChessVersion "1.4.8"]
[BlackElo "2804"]
[WhiteElo "2642"]

1. d4 {[%clk 0:03:02]} Nf6 {[%clk 0:03:03]} 2. Nf3 {[%clk 0:03:03]} d5
{[%clk 0:03:03]} 3. Bf4 {[%clk 0:03:04]} g6 {[%clk 0:03:04]} 4. e3
{[%clk 0:03:03]} Bg7 {[%clk 0:03:05]} 5. h3 {[%clk 0:03:02]} O-O {[%clk 0:03:06]}
6. c3 {[%clk 0:02:59]} c5 {[%clk 0:03:04]} 7. Nbd2 {[%clk 0:02:58]} b6
{[%clk 0:03:04]} 8. a4 {[%clk 0:02:57]} Nc6 {[%clk 0:03:05]} 9. Ne5
{[%clk 0:02:53]} Bb7 {[%clk 0:03:05]} 10. Bb5 {[%clk 0:02:42]} Nxe5
{[%clk 0:02:59]} 11. Bxe5 {[%clk 0:02:42]} c4 {[%clk 0:02:59]} 12. a5
{[%clk 0:02:41]} a6 {[%clk 0:02:59]} 13. Ba4 {[%clk 0:02:42]} b5 {[%clk 0:03:01]}
14. Bc2 {[%clk 0:02:43]} Bh6 {[%clk 0:02:56]} 15. g4 {[%clk 0:02:34]} Qd7
{[%clk 0:02:27]} 16. f4 {[%clk 0:02:15]} Bg7 {[%clk 0:02:19]} 17. g5
{[%clk 0:02:16]} Nh5 {[%clk 0:02:19]} 18. Bxg7 {[%clk 0:02:13]} Kxg7
{[%clk 0:02:20]} 19. Qg4 {[%clk 0:02:14]} f5 {[%clk 0:01:47]} 20. Qh4
{[%clk 0:02:08]} Rh8 {[%clk 0:01:23]} 21. Nf3 {[%clk 0:01:54]} Qe6
{[%clk 0:01:11]} 22. Ne5 {[%clk 0:01:54]} Nf6 {[%clk 0:00:46]} 23. Qh6+
{[%clk 0:01:35]} Kg8 {[%clk 0:00:48]} 24. gxf6 {[%clk 0:01:29]} exf6
{[%clk 0:00:48]} 25. h4 {[%clk 0:01:25]} fxe5 {[%clk 0:00:47]} 26. fxe5
{[%clk 0:01:26]} Kf7 {[%clk 0:00:34]} 27. h5 {[%clk 0:01:20]} Rag8
{[%clk 0:00:34]} 28. hxg6+ {[%clk 0:01:15]} hxg6 {[%clk 0:00:20]} 29. Qxh8 Rxh8
30. Rxh8 {[%clk 0:01:14]} Kg7 {[%clk 0:00:21]} 31. Rh2 {[%clk 0:01:09]} g5
{[%clk 0:00:22]} 32. Kf2 {[%clk 0:01:08]} Bc8 {[%clk 0:00:20]} 33. Rah1
{[%clk 0:01:09]} Qg6 {[%clk 0:00:11]} 34. Rh8 {[%clk 0:01:09]} Be6
{[%clk 0:00:09]} 35. Kf3 {[%clk 0:00:30]} Bg8 {[%clk 0:00:07]} 36. R8h6
{[%clk 0:00:26]} Qxh6 {[%clk 0:00:04]} 37. Rxh6 {[%clk 0:00:27]} Kxh6
{[%clk 0:00:05]} 38. Bxf5 {[%clk 0:00:29]} Bf7 {[%clk 0:00:03]} 39. Bc8
{[%clk 0:00:29]} Kh5 {[%clk 0:00:03]} 40. Ke4 1-0

[Event "Blitz 2018"]
[Site "Saint-Petersburg"]
[Date "2018.12.30"]
[Round "20"]
[Board "16"]
[White "Golubov Saveliy (RUS)"]
[Black "Sjugirov Sanan (RUS)"]
[Result "1/2-1/2"]
[LiveChessVersion "1.4.8"]
[BlackElo "2748"]
[WhiteElo "2574"]

1. d4 {[%clk 0:03:03]} Nf6 {[%clk 0:03:00]} 2. Nf3 {[%clk 0:03:04]} e6
{[%clk 0:03:01]} 3. Bf4 {[%clk 0:03:06]} c5 {[%clk 0:03:03]} 4. e3
{[%clk 0:03:07]} cxd4 {[%clk 0:03:04]} 5. exd4 {[%clk 0:03:08]} b6
{[%clk 0:03:05]} 6. c3 {[%clk 0:03:05]} Bb7 {[%clk 0:03:06]} 7. Bd3
{[%clk 0:03:05]} Be7 {[%clk 0:03:07]} 8. h3 {[%clk 0:03:06]} d6 {[%clk 0:03:08]}
9. Bh2 {[%clk 0:03:02]} Nbd7 {[%clk 0:03:09]} 10. O-O {[%clk 0:03:03]} O-O
{[%clk 0:03:09]} 11. a4 {[%clk 0:02:58]} a6 {[%clk 0:03:11]} 12. c4
{[%clk 0:02:59]} d5 {[%clk 0:03:02]} 13. Nc3 {[%clk 0:02:54]} Re8
{[%clk 0:02:56]} 14. Re1 {[%clk 0:02:30]} g6 {[%clk 0:02:51]} 15. Qe2
{[%clk 0:02:07]} Bf8 {[%clk 0:02:49]} 16. Rad1 {[%clk 0:02:02]} Bg7
{[%clk 0:02:46]} 17. Ne5 {[%clk 0:01:53]} Qe7 {[%clk 0:02:11]} 18. cxd5
{[%clk 0:01:38]} Nxd5 {[%clk 0:02:11]} 19. Nxd5 {[%clk 0:01:39]} Bxd5
{[%clk 0:02:11]} 20. Bxa6 {[%clk 0:01:23]} Nxe5 {[%clk 0:02:06]} 21. dxe5
{[%clk 0:01:24]} Qb4 {[%clk 0:01:51]} 22. Rc1 {[%clk 0:00:58]} Bf8
{[%clk 0:01:47]} 23. Bc4 {[%clk 0:00:44]} Bc5 {[%clk 0:01:20]} 24. b3
{[%clk 0:00:44]} Rad8 {[%clk 0:01:20]} 25. Bf4 {[%clk 0:00:39]} Bxc4
{[%clk 0:00:55]} 26. Qxc4 {[%clk 0:00:40]} Rd4 {[%clk 0:00:56]} 27. Qxb4 Rxb4
{[%clk 0:00:58]} 28. Be3 {[%clk 0:00:35]} Rxb3 {[%clk 0:00:57]} 29. Bxc5
{[%clk 0:00:34]} bxc5 {[%clk 0:00:58]} 30. Rxc5 {[%clk 0:00:35]} Ra3
{[%clk 0:00:59]} 31. Re4 {[%clk 0:00:28]} Re7 {[%clk 0:00:58]} 32. h4
{[%clk 0:00:22]} h5 {[%clk 0:00:58]} 33. Rcc4 {[%clk 0:00:22]} Kg7
{[%clk 0:00:57]} 34. Red4 {[%clk 0:00:20]} 1/2-1/2

[Event "Blitz 2018"]
[Site "Saint-Petersburg"]
[Date "2018.12.30"]
[Round "20"]
[Board "17"]
[White "Jakovenko Dmitry (RUS)"]
[Black "Jobava Baadur (GEO)"]
[Result "1-0"]
[LiveChessVersion "1.4.8"]
[BlackElo "2705"]
[WhiteElo "2616"]

1. Nf3 {[%clk 0:03:03]} Nf6 {[%clk 0:03:03]} 2. c4 {[%clk 0:03:04]} e6
{[%clk 0:03:03]} 3. Nc3 {[%clk 0:03:05]} b6 {[%clk 0:02:59]} 4. e4
{[%clk 0:02:59]} Bb7 {[%clk 0:03:01]} 5. Bd3 {[%clk 0:02:57]} d6 {[%clk 0:02:58]}
6. O-O {[%clk 0:02:56]} c5 {[%clk 0:02:59]} 7. Bc2 {[%clk 0:02:55]} Be7
{[%clk 0:02:59]} 8. d4 {[%clk 0:02:55]} cxd4 {[%clk 0:02:59]} 9. Nxd4
{[%clk 0:02:56]} O-O {[%clk 0:03:00]} 10. b3 {[%clk 0:02:53]} Nbd7
{[%clk 0:03:01]} 11. Bb2 {[%clk 0:02:54]} a6 {[%clk 0:03:02]} 12. Qe2
{[%clk 0:02:55]} Qb8 {[%clk 0:03:03]} 13. Rad1 {[%clk 0:02:53]} Rc8
{[%clk 0:03:04]} 14. f4 {[%clk 0:02:50]} Nc5 {[%clk 0:02:19]} 15. e5
{[%clk 0:02:42]} Ne8 {[%clk 0:02:10]} 16. f5 {[%clk 0:02:37]} dxe5
{[%clk 0:01:43]} 17. fxe6 {[%clk 0:02:37]} f6 {[%clk 0:01:25]} 18. Bxh7+
{[%clk 0:02:37]} Kf8 {[%clk 0:01:26]} 19. Qh5 {[%clk 0:02:34]} Nd6
{[%clk 0:00:58]} 20. Bg6 {[%clk 0:02:34]} 1-0